Toronto Maple Leafs - Sudden Death - Statistics

General Stats
  • This quiz has been taken 150 times
  • The average score is 4 of 13
Answers on the Grid
Answers color-coded by a green-red scale on the quiz's grid according to % correct below.
Dave Andreychuk
Jason Spezza
Tuukka Rask
Max Pacioretty
Matt Martin
Ilya Kovalchuk
Ron Hextall
Jacques Plante
Joe Thornton
Conn Smythe
Pavel Bure
Eric Lindros
Tiger Williams
Jason Robertson
Craig Berube
Phil Housley
Micheal Nylander
Jamie Benn
Ron Francis
Easton Cowan
Corey Perry
Eric Staal
Mike Gartner
Grant Fuhr
 
Answer Stats
Answer % Correct
Jason Spezza
78%
Max Pacioretty
58%
Dave Andreychuk
56%
Matt Martin
48%
Joe Thornton
44%
Tiger Williams
23%
Eric Lindros
22%
Craig Berube
19%
Mike Gartner
19%
Grant Fuhr
18%
Ron Francis
16%
Jacques Plante
12%
Phil Housley
11%
No matching quizzes found
Score Distribution
Percent of People with Each Score
Percentile by Number Answered
Your Score History
You have not taken this quiz